les points au Tarot - Statistiques

Statistiques générales
  • Ce quiz a été pris 86 fois
  • Le résultat moyen est 16 sur 25
Statistiques - réponses
carte/annonce valeurs % Correct
Valet + 1 petite carte 2
99%
Cavalier+ 1 petite carte 3
99%
Dame+ 1 petite carte 4
99%
roi+ 1 petite carte 5
99%
Le petit+ 1 petite carte 5
94%
le 21+ 1 petite carte 5
94%
l'excuse+ 1 petite carte 5
94%
paires de petites cartes (19 atouts + cartes basses) 1
89%
petit au bout 10
86%
point minimum avec 3 oudlers (3 bouts) 36
85%
point minimum avec 2 oudlers (2 bouts) 41
85%
point minimum avec 1 oudler (1 bout) 51
82%
point minimum avec aucun oudler (0 bout) 56
77%
misère 10
75%
petit au bout 10
63%
simple poignée 20
49%
double poignée 30
46%
triple poignée 40
46%
point total existant dans le jeu 91
38%
coefficient du contrat en cas de PRISE 1
24%
coefficient du contrat en cas de GARDE 2
24%
coefficient du contrat en cas de GARDE SANS 4
24%
coefficient du contrat en cas de GARDE CONTRE 6
24%
Chelem non annoncé mais réalisé 200
6%
Chelem annoncé et réalisé 400
6%
Aucun quiz correspondant
Distribution des résultats
% des personnes avec chaque résultat
Percentile par nombre de réponses
Votre historique - résultats
Vous n’avez pas pris ce quiz